000 00598nam a22002057a 4500
999 _c9573
_d9573
003 AR-CdUCM
008 190328b ||||| |||| 00| 0 spa d
020 _a978-84-205-3761-0
040 _aMUNICIPALIDAD PROVINCIAL DEL CUSCO
_cBIBLIOTECA MUNICIPAL DEL CUSCO
041 _hspa
082 _aES / 803
_bG44
100 _aGisbert, Joan Manuel
_925862
245 _aLa sorpresa de la noche /
260 _aMadrid :
_bAlhambra,
_c2010.
300 _a61 páginas ;
_bIlustraciones.
_c20 cm.
650 _aLiteratura infantil
_9588
650 _aSiglo XXI
_92856
942 _2ddc
_cLIBROS
945 _aafb